| 000 | 00468nam a22001571a 4500 | ||
|---|---|---|---|
| 001 | 11667 | ||
| 003 | OSt | ||
| 005 | 20260204212251.0 | ||
| 008 | 130503s2007||||dr ||||||b||||||||||spa|| | ||
| 110 | _aRepublica Dominicana | ||
| 245 | _aNueva ley municipal num. 176-07 del distrito nacional y de los municipios, otras legislaciones. | ||
| 250 | _a2da. ed. corregida y ampliada | ||
| 264 | _aRepública Dominicana : editora Dalis | ||
| 300 | _a196 PÌ | ||
| 942 |
_2ddc _cBK |
||
| 999 |
_c11667 _d11667 |
||